Państwa Afryki - Statystyki

Ogólne statystyki
  • Ten quiz został rozwiązany 206 razy
  • Średni wynik to 44 z 54
Odpowiedzi na mapie
Odpowiedzi zakodowano w zielono-czerwonej skali na mapie do tego quizu, zgodnie z poniższymi procentami.
 
Statystyki odpowiedzi
Kraj % Poprawnych
Egipt
98%
Demokratyczna Republika Konga
96%
Algieria
95%
Kongo
95%
Madagaskar
95%
Maroko
95%
Niger
95%
Republika Południowej Afryki
95%
Nigeria
94%
Etiopia
92%
Tunezja
92%
Libia
91%
Sudan
91%
Czad
90%
Kenia
90%
Erytrea
88%
Sudan Południowy
87%
Ghana
86%
Gwinea
86%
Somalia
86%
Zimbabwe
86%
Mali
85%
Togo
85%
Republika Środkowoafrykańska
84%
Angola
83%
Senegal
83%
Zambia
83%
Wybrzeże Kości Słoniowej
82%
Lesotho
80%
Mauretania
80%
Tanzania
80%
Gabon
79%
Botswana
78%
Kamerun
78%
Mozambik
78%
Burkina Faso
77%
Gwinea Bissau
77%
Liberia
77%
Rwanda
77%
Gambia
76%
Gwinea Równikowa
76%
Seszele
75%
Uganda
75%
Benin
74%
Namibia
72%
Dżibuti
71%
Mauritius
71%
Republika Zielonego Przylądka
71%
Wyspy Świętego Tomasza i Książęca
70%
Burundi
69%
Eswatini
67%
Malawi
64%
Sierra Leone
64%
Komory
63%
Nie znaleziono quizów pasujących do podanych kryteriów
Rozkład punktacji
Procent ludzi z każdym wynikiem
Percentyl według liczby udzielonych odpowiedzi
Twoja historia wyników
Nie rozwiązałeś tego quizu